| 000 | 00821cam a2200265 i 4500 | ||
|---|---|---|---|
| 005 | 20260322212038.0 | ||
| 008 | data | ||
| 010 | _a 80014058 | ||
| 020 |
_a067033362X (pbk.); 9780670333622 (pbk.) _c{dollar}25.00 |
||
| 020 |
_a9780670333622 (pbk.); 9780670333622 (pbk.) _c{dollar}25.00 |
||
| 040 |
_aDLC _cDLC _dDLC |
||
| 043 | _apogg--- | ||
| 050 | 0 | 0 |
_aQH198.G3 _bD4 1980 |
| 082 | 0 | 0 | _a574.9866/5 |
| 092 | _a574.986 D4 1980 | ||
| 100 | 1 | _aDe Roy, Tui. | |
| 245 | 1 | 0 |
_aGalapagos, islands lost in time/ _cTui De Roy. |
| 260 |
_aNew York : _bViking Press, _c1980. |
||
| 300 |
_a71 p., [44] leaves of plates : _bcol. ill. ; _c31 cm. |
||
| 490 | 0 | _aA Studio book | |
| 504 | _aBibliography: p. 53. | ||
| 650 | 0 |
_aNatural history _zGalapagos Islands. |
|
| 651 | 0 |
_aGalapagos Islands _xDescription and travel. |
|
| 001 | data | ||
| 999 |
_c899 _d899 |
||